书目信息 |
| 题名: |
往事与随想(中)
|
|
| 作者: | 赫尔岑 著 | |
| 分册: | ||
| 出版信息: | 北京 人民文学出版社 1993.05 |
|
| 页数: | 696页 | |
| 开本: | 32开 | |
| 丛书名: | ||
| 单 册: | ||
| 中图分类: | I512.4 | |
| 科图分类: | ||
| 主题词: | 文学 | |
| 电子资源: | ||
| ISBN: | 7-02-001560-3 | |
| 000 | 00546nam0 2200193 45 | |
| 001 | 0009261906 | |
| 005 | 20000926202120.9 | |
| 010 | @a7-02-001560-3@d21.80元 | |
| 100 | @a20000926d1993 km y0chiy0120 ea | |
| 101 | 0 | @achi |
| 105 | @a z 000yy | |
| 200 | 1 | @a往事与随想(中)@AWang Shi Yu Sui Xiang(Zhong)@f(俄)赫尔岑 著@F(E)He Er Cen Zhu |
| 210 | @a北京@c人民文学出版社@d1993.05 | |
| 215 | @a696页@d32开 | |
| 606 | 0 | @a文学 |
| 690 | @aI512.4@v3 | |
| 701 | 0 | @a赫尔岑@4著 |
| 801 | @aCN@bPftUser@c20000926 | |
| 905 | @dI512.4@eH083:2@b155067-071@f5 | |
| 往事与随想(中)/(俄)赫尔岑 著.-北京:人民文学出版社,1993.05 |
| 696页;32开 |
| ISBN 7-02-001560-3:21.80元 |
| ● |
| 相关链接 |
|
|
|
正题名:往事与随想(中)
索取号:I512.4/H083:2
 
预约/预借
| 序号 | 登录号 | 条形码 | 馆藏地/架位号 | 状态 | 备注 |
| 1 | 155067 | 201550678 | 社科二线422/422社科库 32排3列3层/ [索取号:I512.4/H083:2] | 在馆 | |
| 2 | 155068 | 201550687 | 社科二线422/422社科库 32排3列3层/ [索取号:I512.4/H083:2] | 在馆 | |
| 3 | 155069 | 201550696 | 社科二线400B/400B社科库 12排2列2层/ [索取号:I512.4/H083:2] | 在馆 | |
| 4 | 155070 | 201550703 | 文学库116/116文学库 16排3列1层/ [索取号:I512.4/H083:2] | 在馆 | |
| 5 | 155071 | 201550712 | 文学库116/116文学库 16排3列2层/ [索取号:I512.4/H083:2] | 在馆 |